000 00685nam a2200253Ia 4500
003 OSt
005 20221005052058.0
006 a|||||r|||| 00| 0
007 ta
008 221004b |||||||| |||| 00| 0 eng d
024 _a27290
037 _cTextual
040 _aCRL
_cCRL
_beng
041 _2eng
_aeng
082 _aA, M8
100 _aCalder Nigel Ed.
_9596530
245 0 _aFuture earth
_b Exploring the frontiers of science
260 _aLondon
_bChristopher Helm
_c1988
300 _a252p
_ccm.
650 _aSCIENCE
700 _a Newell John Ed.
_9596531
942 _hA, M8
_cTEXL
_2cc
999 _c959753
_d959753